Elementos para el diseño de una estrategia regional de desarrollo en favor de la niñez durante la década del noventa UNICEF, Oficina Reginoal para la América Latina y el Caribe (Record no. 67621)

MARC details
000 -CABECERA
campo de control de longitud fija 00738nam a2200229 a 4500
005 - FECHA Y HORA DE LA ÚLTIMA TRANSACCIÓN
campo de control 20240919063918.0
008 - ELEMENTOS DE LONGITUD FIJA--INFORMACIÓN GENERAL
campo de control de longitud fija 991125n 000 0 u
035 ## - NÚMERO DE CONTROL DEL SISTEMA
Número de control de sistema UPN01000075588
222 ## - TÍTULO CLAVE
Título clave PUNTO 21: REVISTA DE EDUCACIÓN
245 ## - MENCIÓN DE TÍTULO
Título Elementos para el diseño de una estrategia regional de desarrollo en favor de la niñez durante la década del noventa UNICEF, Oficina Reginoal para la América Latina y el Caribe
300 ## - DESCRIPCIÓN FÍSICA
Extensión 5-15
362 ## - FECHAS DE PUBLICACIÓN Y/O DESIGNACIÓN SECUENCIAL
Fecha de publicación y/o designación secuencial 1990 Nos. 51-52, abr.
650 ## - ASIENTO SECUNDARIO DE MATERIA - TERMINO TEMATICO
Término de materia o nombre geográfico como elemento de entrada NIÑO
650 ## - ASIENTO SECUNDARIO DE MATERIA - TERMINO TEMATICO
Término de materia o nombre geográfico como elemento de entrada INFANCIA
651 #4 - ASIENTO SECUNDARIO DE MATERIA - NOMBRE GEOGRAFICO
Nombre geográfico Países en desarrollo
9 (RLIN) 6572
651 #4 - ASIENTO SECUNDARIO DE MATERIA - NOMBRE GEOGRAFICO
Nombre geográfico América Latina
9 (RLIN) 1068
650 ## - ASIENTO SECUNDARIO DE MATERIA - TERMINO TEMATICO
Término de materia o nombre geográfico como elemento de entrada CARIBE
650 ## - ASIENTO SECUNDARIO DE MATERIA - TERMINO TEMATICO
Término de materia o nombre geográfico como elemento de entrada ALFABETIZACIÓN
610 ## - ASIENTO SECUNDARIO DE MATERIA - NOMBRE CORPORATIVO
Nombre de entidad corporativa o nombre de jurisdicción como elemento de entrada UNICEF
9 (RLIN) 24085
904 ## - ELEMENTOS DE DATOS D LOCAL, LDD (RLIN)
a AC
b 013399
905 ## - TIPO DE MATERIAL
Tipo de material Articulo

No items available.